Religie dominujące w danych państwach świata. Kolega Ignacy - Statystyki

Ogólne statystyki
  • Ten quiz został rozwiązany 1 376 razy
  • Średni wynik to 9 z 22
Statystyki odpowiedzi
Odpowiedź % Poprawnych
Francja katolicyzm
91%
Mali islam
82%
Rumunia prawosławie
79%
Madagaskar katolicyzm
59%
Maroko islam
57%
Armenia prawosławie/Apostolski Kościół Ormiański
51%
Indie hinduizm
44%
RPA katolicyzm
44%
Brazylia katolicyzm
44%
Haiti katolicyzm
41%
Chiny buddyzm
36%
Indonezja islam
36%
Kostaryka katolicyzm
36%
Mongolia buddyzm
35%
Sri Lanka buddyzm
34%
Kambodża buddyzm
31%
Czechy brak religi
19%
Etiopia prawosławie
19%
Korea Południowa brak religii
12%
Norwegia luterianizm
2%
Australia anglikalizm
1%
Islandia luterianizm
1%
Nie znaleziono quizów pasujących do podanych kryteriów
Rozkład punktacji
Procent ludzi z każdym wynikiem
Percentyl według liczby udzielonych odpowiedzi
Twoja historia wyników
Nie rozwiązałeś tego quizu